[Event "Feffernitz op 32nd"]
[Site "Feffernitz"]
[Date "2023.08.09"]
[Round "6"]
[White "Kesik, Klaus Dieter"]
[Black "Jandke, Manfred"]
[Result "1-0"]
[WhiteElo "2176"]
[BlackElo "2019"]
[PlyCount "59"]
[EventDate "2023.08.05"]
[EventType "swiss"]
[EventRounds "9"]
[EventCountry "AUT"]
[SourceTitle "CBM 215 Extra"]
[Source "ChessBase"]
[SourceDate "2023.09.30"]
[SourceVersion "1"]
[SourceVersionDate "2023.09.30"]
[SourceQuality "1"]

1. d4 e6 2. c4 d5 3. Nc3 Nf6 4. Bg5 Be7 5. e3 h6 6. Bh4 0-0 7. cxd5 exd5 8. Bd3 c6 9. Qc2 Na6 10. a3 Qa5 11. Ra2 c5 12. dxc5 Nxc5 13. Bh7+ Nxh7 14. Bxe7 d4 15. b4 Qc7 16. Bxc5 dxc3 17. Bxf8 Nxf8 18. Ne2 Be6 19. Ra1 a5 20. 0-0 axb4 21. axb4 Rc8 22. Rfc1 Qb6 23. Nxc3 Qxb4 24. h3 Qc5 25. Qe4 b6 26. Ne2 Bc4 27. Ra8 Rxa8 28. Qxa8 b5 29. Nd4 Kh7 30. Nxb5 1-0

[Event "Feffernitz op 31st"]
[Site "Feffernitz"]
[Date "2022.08.10"]
[Round "6"]
[White "Kesik, Klaus Dieter"]
[Black "Postlmayer, Jakob"]
[Result "1/2-1/2"]
[WhiteElo "2173"]
[BlackElo "2268"]
[PlyCount "144"]
[EventDate "2022.08.06"]
[EventType "swiss"]
[EventRounds "9"]
[EventCountry "AUT"]
[SourceTitle "CBM 209 Extra"]
[Source "ChessBase"]
[SourceDate "2022.09.30"]
[SourceVersion "1"]
[SourceVersionDate "2022.09.30"]
[SourceQuality "1"]

1. d4 d5 2. Nf3 Nf6 3. c4 e6 4. cxd5 exd5 5. Nc3 c6 6. Bg5 Be7 7. e3 Bf5 8. Bd3 Bxd3 9. Qxd3 0-0 10. 0-0 Nbd7 11. Rab1 a5 12. Rfc1 Re8 13. a3 Ne4 14. Bxe7 Qxe7 15. Ne2 Nd6 16. Ng3 g6 17. Ne2 Kg7 18. Nf4 a4 19. Qc2 Nc4 20. Re1 Qd6 21. Nd3 Re7 22. Re2 b5 23. Rc1 Rae8 24. Qc3 Qf6 25. Ree1 g5 26. Red1 Re6 27. h3 h5 28. Nfe5 Ndxe5 29. Nxe5 Nxe5 30. dxe5 Qf5 31. Qd4 Rh8 32. f4 Rhh6 33. Qd3 Qxd3 34. Rxd3 gxf4 35. exf4 h4 36. g4 hxg3 37. Rxg3+ Kf8 38. Kh2 f6 39. f5 Rxe5 40. Rxc6 Rxf5 41. Rc5 Rf2+ 42. Rg2 Rxg2+ 43. Kxg2 b4 44. Rxd5 Rh4 45. Ra5 bxa3 46. bxa3 Kf7 47. Ra6 Rc4 48. Kh2 Kg6 49. Kg2 Rd4 50. Kh2 Kg5 51. Kg2 f5 52. Ra5 Rc4 53. Kf2 Kf4 54. Kg2 Ke4 55. h4 f4 56. h5 Rc2+ 57. Kg1 Kf3 58. h6 Rg2+ 59. Kh1 Rg6 60. Rh5 Rg8 61. h7 Rh8 62. Kg1 Ke3 63. Kf1 Kd3 64. Rh3+ Kc2 65. Ke1 Kb2 66. Ke2 f3+ 67. Kxf3 Kxa3 68. Kf4+ Kb4 69. Kg5 a3 70. Kg6 a2 71. Rh4+ Kb3 72. Rh3+ Kb4 1/2-1/2

[Event "Oberliga Ost-A 1920"]
[Site "Germany"]
[Date "2020.03.01"]
[Round "9.5"]
[White "Mertens, Fridolin"]
[Black "Kesik, Klaus Dieter"]
[Result "1/2-1/2"]
[WhiteElo "2142"]
[BlackElo "2217"]
[PlyCount "50"]
[EventDate "2019.09.29"]
[EventType "team-tourn"]
[EventRounds "11"]
[EventCountry "GER"]
[SourceTitle "EXT 2023"]
[Source "ChessBase"]
[SourceDate "2022.10.05"]
[SourceVersion "1"]
[SourceVersionDate "2022.10.05"]
[SourceQuality "1"]
[WhiteTeam "Loeberitz"]
[BlackTeam "Hoyerswerda"]
[WhiteTeamCountry "GER"]
[BlackTeamCountry "GER"]

1. e4 c6 2. d4 d5 3. e5 c5 4. dxc5 e6 5. Be3 Nc6 6. Bb5 Nge7 7. c3 Nf5 8. Bd4 Be7 9. Nf3 0-0 10. 0-0 Bd7 11. Bd3 Nfxd4 12. cxd4 b6 13. cxb6 Qxb6 14. b3 Nb4 15. Nc3 Rac8 16. Rc1 Qa5 17. Bb1 Rc7 18. a3 Qxa3 19. Nxd5 Nxd5 20. Rxc7 Nxc7 21. Qc2 g6 22. Qxc7 Rd8 23. Be4 Bb5 24. Rb1 a6 25. Qc3 Qb4 1/2-1/2

[Event "Oberliga Ost-A 1920"]
[Site "Germany"]
[Date "2020.02.29"]
[Round "8.5"]
[White "Kesik, Klaus Dieter"]
[Black "Roemling, Sven"]
[Result "0-1"]
[WhiteElo "2217"]
[BlackElo "2181"]
[PlyCount "70"]
[EventDate "2019.09.29"]
[EventType "team-tourn"]
[EventRounds "11"]
[EventCountry "GER"]
[SourceTitle "EXT 2023"]
[Source "ChessBase"]
[SourceDate "2022.10.05"]
[SourceVersion "1"]
[SourceVersionDate "2022.10.05"]
[SourceQuality "1"]
[WhiteTeam "Hoyerswerda"]
[BlackTeam "Leipzig SG II"]
[WhiteTeamCountry "GER"]
[BlackTeamCountry "GER"]

1. d4 Nf6 2. c4 g6 3. Nc3 Bg7 4. e4 0-0 5. Bg5 d6 6. Qd2 Nbd7 7. Bd3 c5 8. d5 Ne5 9. Be2 b5 10. cxb5 a6 11. f4 Ned7 12. bxa6 Bxa6 13. Nf3 h6 14. Bh4 Bxe2 15. Qxe2 Nh5 16. Qd2 Nb6 17. g4 Nc4 18. Qe2 Nxb2 19. Qxb2 Nxf4 20. Qd2 g5 21. Bg3 Ra3 22. Rc1 Qa5 23. e5 dxe5 24. 0-0 Rxc3 25. Rxc3 Qxc3 26. Qxc3 Ne2+ 27. Kh1 Nxc3 28. Rc1 e4 29. Ng1 Bd4 30. Rc2 Ra8 31. Ne2 Rxa2 32. Rxc3 Rxe2 33. Rc1 e3 34. Kg1 Ra2 35. Kf1 Kh7 0-1

[Event "Oberliga Ost-A 1920"]
[Site "Germany"]
[Date "2019.11.17"]
[Round "3.5"]
[White "Kesik, Klaus Dieter"]
[Black "Stolz, Mike"]
[Result "0-1"]
[WhiteElo "2217"]
[BlackElo "2320"]
[PlyCount "86"]
[EventDate "2019.09.29"]
[EventType "team-tourn"]
[EventRounds "11"]
[EventCountry "GER"]
[SourceTitle "EXT 2021"]
[Source "ChessBase"]
[SourceDate "2020.10.23"]
[SourceVersion "1"]
[SourceVersionDate "2020.10.23"]
[SourceQuality "1"]
[WhiteTeam "Hoyerswerda"]
[BlackTeam "Magdeburg Rochade"]
[WhiteTeamCountry "GER"]
[BlackTeamCountry "GER"]

1. d4 Nf6 2. Nf3 g6 3. g3 Bg7 4. Bg2 0-0 5. 0-0 d6 6. c4 Nbd7 7. Nc3 e5 8. e4 exd4 9. Nxd4 Re8 10. h3 c6 11. Be3 Nc5 12. Qc2 Qe7 13. Rfe1 Bd7 14. Nb3 Na6 15. Rad1 Be6 16. Qe2 Nd7 17. Nd4 Ne5 18. b3 Bc8 19. f4 Nd7 20. Qd2 Ndc5 21. Nde2 f5 22. Qxd6 Qxd6 23. Rxd6 Bf8 24. Rd2 Nxe4 25. Nxe4 fxe4 26. Red1 h5 27. Rd8 Bf5 28. Rxe8 Rxe8 29. Bxa7 Nb4 30. a4 e3 31. Nc1 c5 32. Bb6 Nc2 33. Ne2 Nd4 34. Nxd4 cxd4 35. Bxd4 Bb4 36. Rc1 Bd2 37. Ra1 Bc2 38. Bxb7 Bxb3 39. Bd5+ Kh7 40. a5 e2 41. a6 Bd1 42. Bf2 Be3 43. Kg2 Bxf2 0-1

[Event "Oberliga Ost-A 1920"]
[Site "Germany"]
[Date "2019.09.29"]
[Round "1.5"]
[White "Kesik, Klaus Dieter"]
[Black "Nake, Matthias"]
[Result "1/2-1/2"]
[WhiteElo "2217"]
[BlackElo "2182"]
[PlyCount "71"]
[EventDate "2019.09.29"]
[EventType "team-tourn"]
[EventRounds "11"]
[EventCountry "GER"]
[SourceTitle "EXT 2021"]
[Source "ChessBase"]
[SourceDate "2020.10.23"]
[SourceVersion "1"]
[SourceVersionDate "2020.10.23"]
[SourceQuality "1"]
[WhiteTeam "Hoyerswerda"]
[BlackTeam "Dresden Gruen Weiss"]
[WhiteTeamCountry "GER"]
[BlackTeamCountry "GER"]

1. d4 Nf6 2. Bf4 e6 3. Nf3 b6 4. e3 Bb7 5. h3 Be7 6. Nbd2 0-0 7. Bd3 d5 8. c3 c5 9. Qe2 Nbd7 10. 0-0 Ne4 11. Rad1 f5 12. Ne5 Nxe5 13. Bxe5 Nxd2 14. Rxd2 Bf6 15. f4 Qe7 16. Kh2 a5 17. g4 g6 18. gxf5 gxf5 19. Qh5 Bxe5 20. fxe5 Kh8 21. Rg2 Rg8 22. Rfg1 Rxg2+ 23. Rxg2 Bc6 24. Qg5 Qxg5 25. Rxg5 c4 26. Be2 Rg8 27. Rxg8+ Kxg8 28. Kg3 Kg7 29. Kh4 Be8 30. Kg5 b5 31. Bd1 a4 32. h4 h6+ 33. Kf4 Kf8 34. a3 Kg7 35. Bf3 Kg6 36. Be2 1/2-1/2

[Event "Feffernitz op 28th"]
[Site "Feffernitz"]
[Date "2019.08.22"]
[Round "6"]
[White "Raschun, Gerhard"]
[Black "Kesik, Klaus Dieter"]
[Result "0-1"]
[WhiteElo "1889"]
[BlackElo "2216"]
[PlyCount "38"]
[EventDate "2019.08.18"]
[EventType "swiss"]
[EventRounds "9"]
[EventCountry "AUT"]
[SourceTitle "EXT 2020"]
[Source "ChessBase"]
[SourceDate "2019.10.17"]
[SourceVersion "1"]
[SourceVersionDate "2019.10.17"]
[SourceQuality "1"]

1. e4 c6 2. d4 d5 3. e5 c5 4. c3 Nc6 5. Nf3 Bg4 6. Be2 e6 7. 0-0 cxd4 8. cxd4 Qb6 9. Nbd2 Nge7 10. Nb3 a5 11. a3 Nf5 12. Be3 Bxf3 13. Bxf3 a4 14. Nc5 Nxe3 15. fxe3 Bxc5 16. dxc5 Qxc5 17. Qd2 Nxe5 18. Be2 0-0 19. Rac1 Nc4 0-1

[Event "Oberliga Ost-A 1819"]
[Site "Germany"]
[Date "2019.04.06"]
[Round "10.5"]
[White "Kesik, Klaus Dieter"]
[Black "Roesemann, Rainer"]
[Result "1-0"]
[WhiteElo "2200"]
[BlackElo "2229"]
[PlyCount "147"]
[EventDate "2018.10.21"]
[EventType "team-tourn"]
[EventRounds "11"]
[EventCountry "GER"]
[SourceTitle "EXT 2020"]
[Source "ChessBase"]
[SourceDate "2019.10.17"]
[SourceVersion "1"]
[SourceVersionDate "2019.10.17"]
[SourceQuality "1"]
[WhiteTeam "Hoyerswerda"]
[BlackTeam "Leipzig SG"]
[WhiteTeamCountry "GER"]
[BlackTeamCountry "GER"]

1. e4 c6 2. d4 d5 3. Nc3 dxe4 4. Nxe4 Nf6 5. Nxf6+ exf6 6. Nf3 Bd6 7. Be2 0-0 8. h3 Re8 9. 0-0 Nd7 10. Re1 Nf8 11. c4 Be6 12. Qc2 Qd7 13. Bf1 Ng6 14. a3 Bf5 15. Qc3 Rxe1 16. Nxe1 c5 17. Be3 cxd4 18. Bxd4 b6 19. Rc1 Rd8 20. c5 bxc5 21. Bxc5 Be5 22. Qb3 Qd2 23. Be3 Qxb2 24. Qa4 Qb8 25. Bxa7 Qa8 26. Qa6 Rd6 27. Qa5 Rd5 28. Qa6 Rd6 29. Qa5 Nf4 30. Bb6 Qb7 31. Rc7 Qb8 32. Ra7 Be4 33. Bc7 Qe8 34. Bxd6 Bxd6 35. Qd2 Qe5 36. g3 Ne6 37. Bg2 Bc5 38. Ra5 Bxg2 39. Kxg2 g6 40. Ra8+ Kg7 41. Ra4 Qc7 42. Qd5 Qe7 43. Nc2 h5 44. h4 Nc7 45. Qe4 Qd6 46. Rc4 Ne6 47. a4 f5 48. Qf3 Kh7 49. Ne3 Qd2 50. Rc2 Qb4 51. Rc4 Qb3 52. Qd1 Qb6 53. Nd5 Qa7 54. Qc2 Kg7 55. Nf4 Nxf4+ 56. Rxf4 Bd6 57. Qc3+ Kh7 58. Rc4 Qe7 59. Qf3 f4 60. Re4 Qf6 61. Re8 Qd4 62. gxf4 Qxa4 63. Re4 Qd7 64. Rd4 Qe7 65. f5 Be5 66. fxg6+ fxg6 67. Qe4 Qc7 68. Rc4 Qg7 69. Rc5 Bf6 70. Rxh5+ Kg8 71. Rb5 Qh6 72. Rb7 Bg7 73. Qe7 g5 74. Qxg7+ 1-0

[Event "Oberliga Ost-A 1819"]
[Site "Germany"]
[Date "2018.12.16"]
[Round "5.5"]
[White "Kesik, Klaus Dieter"]
[Black "Heinz, Thomas"]
[Result "1/2-1/2"]
[WhiteElo "2200"]
[BlackElo "2134"]
[PlyCount "79"]
[EventDate "2018.10.21"]
[EventType "team-tourn"]
[EventRounds "11"]
[EventCountry "GER"]
[SourceTitle "EXT 2020"]
[Source "ChessBase"]
[SourceDate "2019.10.17"]
[SourceVersion "1"]
[SourceVersionDate "2019.10.17"]
[SourceQuality "1"]
[WhiteTeam "Hoyerswerda"]
[BlackTeam "Aue Nickelhuette II"]
[WhiteTeamCountry "GER"]
[BlackTeamCountry "GER"]

1. Nf3 d5 2. g3 g6 3. Bg2 Bg7 4. d4 Nf6 5. c4 c6 6. 0-0 0-0 7. Qb3 Qb6 8. c5 Qxb3 9. axb3 Bf5 10. Nc3 Nbd7 11. h3 Ne4 12. b4 e5 13. Be3 Nxc3 14. bxc3 Be4 15. Rfd1 a6 16. Bf1 Rad8 17. Ra2 Bxf3 18. exf3 Rfe8 19. Kg2 Nf8 20. dxe5 Bxe5 21. Bd4 Bxd4 22. cxd4 Re7 23. Re2 Rde8 24. Rxe7 Rxe7 25. h4 f5 26. h5 Kf7 27. Bd3 Kf6 28. hxg6 hxg6 29. f4 Ne6 30. Bc2 Nc7 31. Bd3 Ne6 32. Bc2 g5 33. fxg5+ Kxg5 34. Kf3 Kf6 35. Kg2 Ng5 36. Bd3 Ne6 37. Bc2 Ng5 38. Kf1 Nf3 39. Bb1 Re8 40. Bc2 1/2-1/2

[Event "Oberliga Ost-A 1819"]
[Site "Germany"]
[Date "2018.12.15"]
[Round "4.5"]
[White "Collini, Carsten"]
[Black "Kesik, Klaus Dieter"]
[Result "0-1"]
[WhiteElo "2146"]
[BlackElo "2200"]
[PlyCount "78"]
[EventDate "2018.10.21"]
[EventType "team-tourn"]
[EventRounds "11"]
[EventCountry "GER"]
[SourceTitle "EXT 2020"]
[Source "ChessBase"]
[SourceDate "2019.10.17"]
[SourceVersion "1"]
[SourceVersionDate "2019.10.17"]
[SourceQuality "1"]
[WhiteTeam "Leipzig VfB"]
[BlackTeam "Hoyerswerda"]
[WhiteTeamCountry "GER"]
[BlackTeamCountry "GER"]

1. e4 Nf6 2. e5 Nd5 3. Nf3 d6 4. Bc4 c6 5. d4 Bg4 6. Nc3 e6 7. Bd2 Nxc3 8. Bxc3 dxe5 9. dxe5 Qxd1+ 10. Rxd1 Nd7 11. Be2 Be7 12. b4 0-0-0 13. 0-0 Nb6 14. Rb1 Rd7 15. b5 c5 16. Ba5 Bf5 17. Bxb6 axb6 18. Rbc1 Kc7 19. c3 Ra8 20. Bc4 Ra3 21. Ne1 g5 22. Bb3 h5 23. Nc2 Ra5 24. Ne3 Bd3 25. Rfd1 Bxb5 26. Rxd7+ Bxd7 27. Bd1 g4 28. h3 gxh3 29. Bxh5 hxg2 30. Bxf7 Rxa2 31. Nxg2 Bg5 32. Rd1 b5 33. f4 Bc6 34. fxg5 Rxg2+ 35. Kf1 Rxg5 36. Bxe6 Rxe5 37. Bg8 Re8 38. Bh7 Rh8 39. Bc2 Rh2 0-1

[Event "Feffernitz op 27th"]
[Site "Feffernitz"]
[Date "2018.08.25"]
[Round "8"]
[White "Kesik, Klaus Dieter"]
[Black "Pantovic, Dragan M"]
[Result "1-0"]
[WhiteElo "2211"]
[BlackElo "2087"]
[PlyCount "89"]
[EventDate "2018.08.19"]
[EventType "swiss"]
[EventRounds "9"]
[EventCountry "AUT"]
[SourceTitle "CBM 186 Extra"]
[Source "ChessBase"]
[SourceDate "2018.08.24"]
[SourceVersion "1"]
[SourceVersionDate "2018.08.24"]
[SourceQuality "1"]

1. d4 Nf6 2. Nf3 g6 3. Bf4 Bg7 4. h3 0-0 5. e3 d6 6. Be2 Nbd7 7. 0-0 Qe8 8. Bh2 e5 9. c4 Ne4 10. Nbd2 Nxd2 11. Qxd2 e4 12. Ne1 b6 13. Rc1 Qe7 14. Nc2 a5 15. Na3 Bb7 16. Nb5 Rac8 17. b4 axb4 18. Qxb4 f5 19. a4 g5 20. a5 f4 21. Bg4 c5 22. Qb3 Rb8 23. axb6 Nxb6 24. dxc5 dxc5 25. Rfd1 Bc8 26. Bxc8 Nxc8 27. Qc2 Rb6 28. Rd5 Rbf6 29. exf4 gxf4 30. Re1 Re6 31. Nc3 e3 32. f3 Qh4 33. Rdd1 Bd4 34. Re2 Nd6 35. Nd5 Rg6 36. Kh1 Kh8 37. Qa2 Be5 38. Qa7 Nf5 39. Qxc5 Bd6 40. Qa7 Be5 41. Qa5 Ng3+ 42. Bxg3 Rxg3 43. Nxe3 Bf6 44. Nf1 Rfg8 45. Nxg3 1-0

[Event "Feffernitz op 27th"]
[Site "Feffernitz"]
[Date "2018.08.23"]
[Round "6"]
[White "Kesik, Klaus Dieter"]
[Black "Jandke, Manfred"]
[Result "1/2-1/2"]
[WhiteElo "2211"]
[BlackElo "2042"]
[PlyCount "78"]
[EventDate "2018.08.19"]
[EventType "swiss"]
[EventRounds "9"]
[EventCountry "AUT"]
[SourceTitle "CBM 186 Extra"]
[Source "ChessBase"]
[SourceDate "2018.08.24"]
[SourceVersion "1"]
[SourceVersionDate "2018.08.24"]
[SourceQuality "1"]

1. e3 Nf6 2. Nf3 b6 3. d4 Bb7 4. c4 e6 5. a3 Be7 6. Nc3 0-0 7. d5 exd5 8. cxd5 Re8 9. Bc4 d6 10. 0-0 Nbd7 11. Nd4 Ne5 12. Bb5 Ned7 13. Nc6 Qc8 14. f4 a6 15. Ba4 Bf8 16. Bc2 Nc5 17. b4 Bxc6 18. dxc6 Nce4 19. Nxe4 Nxe4 20. f5 Qd8 21. Bb2 Qg5 22. Rf3 d5 23. Qd3 Qh6 24. Bb3 Rad8 25. Rd1 Ng5 26. Rg3 Bd6 27. Bxd5 Bxg3 28. hxg3 Kf8 29. Qe2 Rxe3 30. Qg4 Re7 31. Bc1 f6 32. Bb3 Ree8 33. Rxd8 Rxd8 34. Qc4 Ke7 35. Bxg5 fxg5 36. Qf7+ Kd6 37. Qd5+ Ke7 38. Qf7+ Kd6 39. Qd5+ Ke7 1/2-1/2

[Event "Oberliga Ost-A 1718"]
[Site "Germany"]
[Date "2017.10.22"]
[Round "1.4"]
[White "Kesik, Klaus Dieter"]
[Black "Mueller, Richard"]
[Result "1-0"]
[WhiteElo "2222"]
[BlackElo "2161"]
[PlyCount "93"]
[EventDate "2017.10.22"]
[EventType "team-tourn"]
[EventRounds "11"]
[EventCountry "GER"]
[SourceTitle "EXT 2019"]
[Source "ChessBase"]
[SourceDate "2018.10.10"]
[SourceVersion "1"]
[SourceVersionDate "2018.10.10"]
[SourceQuality "1"]
[WhiteTeam "Hoyerswerda"]
[BlackTeam "Coswig TuS"]
[WhiteTeamCountry "GER"]
[BlackTeamCountry "GER"]

1. d4 Nf6 2. Nf3 g6 3. Bf4 Bg7 4. Nc3 d5 5. e3 0-0 6. Be2 c6 7. Ne5 Nbd7 8. h4 Ne4 9. Nxe4 Nxe5 10. Nc5 Nc4 11. b3 Qa5+ 12. Kf1 Nd2+ 13. Kg1 Ne4 14. Nxe4 dxe4 15. h5 g5 16. h6 gxf4 17. hxg7 Rd8 18. Rh5 Qc7 19. Bc4 Qd6 20. Rh4 Qg6 21. Rxf4 Be6 22. Bxe6 Qxe6 23. Qh5 Rd5 24. Qh4 Kxg7 25. Rxe4 Qf6 26. Rg4+ Kh8 27. Qxf6+ exf6 28. c4 Rg5 29. Rf4 Kg7 30. f3 Rd8 31. Kf2 Rg6 32. Rd1 Kf8 33. Rh1 h6 34. Rfh4 Kg7 35. R1h2 Rh8 36. g4 Re8 37. Rh5 Re7 38. e4 Rd7 39. Ke3 Rd8 40. Kd3 Rh8 41. d5 Rg5 42. Kd4 cxd5 43. exd5 Kg6 44. c5 Rxh5 45. Rxh5 Re8 46. d6 Re2 47. Rd5 1-0

[Event "Feffernitz op 26th"]
[Site "Feffernitz"]
[Date "2017.08.27"]
[Round "9"]
[White "Rechberger, Franz"]
[Black "Kesik, Klaus Dieter"]
[Result "1/2-1/2"]
[WhiteElo "2129"]
[BlackElo "2222"]
[PlyCount "85"]
[EventDate "2017.08.20"]
[EventType "swiss"]
[EventRounds "9"]
[EventCountry "AUT"]
[SourceTitle "CBM 180 Extra"]
[Source "ChessBase"]
[SourceDate "2017.10.06"]
[SourceVersion "1"]
[SourceVersionDate "2017.10.06"]
[SourceQuality "1"]

1. e4 Nf6 2. e5 Nd5 3. d4 d6 4. Nf3 g6 5. exd6 cxd6 6. Be2 Bg7 7. 0-0 0-0 8. Re1 Nc6 9. c3 h6 10. Qb3 Nb6 11. Bd3 d5 12. Bf4 Bg4 13. Nbd2 Qd7 14. a4 Nc4 15. Nxc4 dxc4 16. Qxc4 Bxf3 17. gxf3 Rac8 18. Bf1 Qf5 19. Re4 Nxd4 20. Qd3 Nb3 21. Rae1 Nc5 22. Qe3 Nxe4 23. fxe4 Qg4+ 24. Kh1 g5 25. Bg3 Rfd8 26. Qxa7 Rd1 27. Rxd1 Qxd1 28. Kg2 Qb3 29. Bb5 Qxb2 30. Qxb7 Qxc3 31. Qxe7 g4 32. Be2 h5 33. h3 Qe1 34. Bf1 Rc1 35. Qd8+ Kh7 36. Qd3 Rd1 37. Qb5 gxh3+ 38. Kg1 h4 39. Qf5+ Kg8 40. Qc8+ Bf8 41. Qg4+ Bg7 42. Qc8+ Kh7 43. Qf5+ 1/2-1/2

[Event "Feffernitz op 26th"]
[Site "Feffernitz"]
[Date "2017.08.24"]
[Round "6"]
[White "Kesik, Klaus Dieter"]
[Black "Hoenick, Andreas"]
[Result "1-0"]
[WhiteElo "2222"]
[BlackElo "2118"]
[PlyCount "109"]
[EventDate "2017.08.20"]
[EventType "swiss"]
[EventRounds "9"]
[EventCountry "AUT"]
[SourceTitle "CBM 180 Extra"]
[Source "ChessBase"]
[SourceDate "2017.10.06"]
[SourceVersion "1"]
[SourceVersionDate "2017.10.06"]
[SourceQuality "1"]

1. g3 d5 2. Bg2 e5 3. d3 Nf6 4. Nf3 Bd6 5. 0-0 0-0 6. c3 Bf5 7. Nh4 Be6 8. e4 Re8 9. h3 Nbd7 10. Kh2 dxe4 11. dxe4 Bc4 12. Re1 Nc5 13. b3 Bb5 14. c4 Bc6 15. Nc3 Ne6 16. Nf5 Bb4 17. Bd2 Bc5 18. Nd5 Nd4 19. Nfe3 a5 20. Bc3 Bd7 21. Nc2 Nxc2 22. Qxc2 c6 23. Nxf6+ Qxf6 24. f4 Bd4 25. Bxd4 exd4 26. e5 Qh6 27. c5 Be6 28. f5 d3 29. Qxd3 Rad8 30. Qf1 Bd5 31. Qf4 Bxg2 32. Qxh6 gxh6 33. Kxg2 Rd5 34. Kf3 Rexe5 35. Rxe5 Rxe5 36. Kf4 f6 37. Rd1 Rxc5 38. Rd8+ Kg7 39. Rd7+ Kg8 40. Rxb7 a4 41. Kg4 axb3 42. axb3 h5+ 43. Kxh5 Rxf5+ 44. Kh6 Rf3 45. Rg7+ Kf8 46. b4 Rb3 47. Rg4 f5 48. Rg5 f4 49. Rf5+ Kg8 50. Rxf4 Rxg3 51. Rg4+ Rxg4 52. hxg4 Kh8 53. g5 Kg8 54. g6 hxg6 55. Kxg6 1-0

[Event "Feffernitz op 26th"]
[Site "Feffernitz"]
[Date "2017.08.20"]
[Round "1"]
[White "Troyke, Jannis"]
[Black "Kesik, Klaus Dieter"]
[Result "0-1"]
[WhiteElo "1749"]
[BlackElo "2222"]
[PlyCount "28"]
[EventDate "2017.08.20"]
[EventType "swiss"]
[EventRounds "9"]
[EventCountry "AUT"]
[SourceTitle "CBM 180 Extra"]
[Source "ChessBase"]
[SourceDate "2017.10.06"]
[SourceVersion "1"]
[SourceVersionDate "2017.10.06"]
[SourceQuality "1"]

1. e4 Nf6 2. e5 Nd5 3. d4 d6 4. Bc4 Nb6 5. Bb3 g6 6. Nf3 Bg7 7. e6 Bxe6 8. Bxe6 fxe6 9. Ng5 Qd7 10. Qf3 Bf6 11. Qxb7 Nc6 12. c3 a5 13. Nxe6 Qxe6+ 14. Be3 Kd7 0-1

[Event "Oberliga Ost-A 1617"]
[Site "Germany"]
[Date "2017.04.23"]
[Round "9.2"]
[White "Kesik, Klaus Dieter"]
[Black "Puls, Thomas"]
[Result "1/2-1/2"]
[WhiteElo "2220"]
[BlackElo "2208"]
[PlyCount "67"]
[EventDate "2016.10.16"]
[EventType "team-tourn"]
[EventRounds "11"]
[EventCountry "GER"]
[SourceTitle "EXT 2018"]
[Source "ChessBase"]
[SourceDate "2017.10.13"]
[SourceVersion "1"]
[SourceVersionDate "2017.10.13"]
[SourceQuality "1"]
[WhiteTeam "Hoyerswerda"]
[BlackTeam "Halle USV"]
[WhiteTeamCountry "GER"]
[BlackTeamCountry "GER"]

1. e4 c5 2. b3 Nc6 3. Bb2 d6 4. Bb5 Bd7 5. Nf3 Nf6 6. Bxc6 Bxc6 7. d3 e5 8. 0-0 Be7 9. Nbd2 0-0 10. Nc4 Qc7 11. Ne3 Bd7 12. h3 b6 13. Nh2 Rae8 14. Nhg4 Nxg4 15. Nxg4 Bg5 16. Ne3 Bxe3 17. fxe3 f5 18. exf5 Rxf5 19. Rxf5 Bxf5 20. e4 Be6 21. Qe2 Rf8 22. Rf1 Rxf1+ 23. Qxf1 Qf7 24. Qxf7+ Kxf7 25. a4 a5 26. Kf2 Kf6 27. Bc1 Bf7 28. Be3 d5 29. exd5 Bxd5 30. g3 h6 31. Kf1 Bc6 32. Kf2 Bd5 33. Kf1 Bc6 34. Kf2 1/2-1/2

[Event "Oberliga Ost-A 1617"]
[Site "Germany"]
[Date "2017.02.18"]
[Round "6.4"]
[White "Nake, Matthias"]
[Black "Kesik, Klaus Dieter"]
[Result "1/2-1/2"]
[WhiteElo "2217"]
[BlackElo "2220"]
[PlyCount "116"]
[EventDate "2016.10.16"]
[EventType "team-tourn"]
[EventRounds "11"]
[EventCountry "GER"]
[SourceTitle "EXT 2018"]
[Source "ChessBase"]
[SourceDate "2017.10.13"]
[SourceVersion "1"]
[SourceVersionDate "2017.10.13"]
[SourceQuality "1"]
[WhiteTeam "Dresden Gruen Weiss"]
[BlackTeam "Hoyerswerda"]
[WhiteTeamCountry "GER"]
[BlackTeamCountry "GER"]

1. e4 Nf6 2. e5 Nd5 3. d4 d6 4. c4 Nb6 5. exd6 cxd6 6. Bf4 g6 7. Qd2 Nc6 8. h3 Bg7 9. Nf3 0-0 10. Bh6 d5 11. Bxg7 Kxg7 12. c5 Nd7 13. Bb5 Nf6 14. Nc3 Bd7 15. 0-0 a6 16. Bxc6 Bxc6 17. Ne5 Qc7 18. Rfe1 a5 19. Qe2 Rfe8 20. a4 Rac8 21. Nb5 Qb8 22. Rac1 b6 23. Nxc6 Rxc6 24. cxb6 Qxb6 25. Rxc6 Qxc6 26. Qd2 Ne4 27. Qc1 Qf6 28. f3 Ng3 29. Qc7 Nf5 30. Qd7 Qh4 31. Re5 Kf8 32. Qxd5 Rc8 33. Nc3 Qg5 34. Re1 Qd2 35. Qe5 f6 36. Qe4 Qxb2 37. Nd5 Rc2 38. Nf4 Qxd4+ 39. Qxd4 Nxd4 40. Nd5 Nf5 41. Re4 Rc5 42. Nb6 Kf7 43. Rc4 Re5 44. Kf2 Ne3 45. Rc7 f5 46. Nd7 Nd1+ 47. Kf1 Rd5 48. Nb6 Rd4 49. Ra7 f4 50. Rxa5 Ne3+ 51. Ke2 Rd6 52. Rb5 Rc6 53. a5 Rc2+ 54. Kd3 Ra2 55. Rb4 Rxa5 56. Rxf4+ Nf5 57. g4 e5 58. Ra4 Rxa4 1/2-1/2

[Event "Feffernitz op 25th"]
[Site "Feffernitz"]
[Date "2016.08.28"]
[Round "9"]
[White "Kesik, Klaus Dieter"]
[Black "Mlacnik, Franc"]
[Result "1-0"]
[WhiteElo "2220"]
[BlackElo "2076"]
[PlyCount "57"]
[EventDate "2016.08.21"]
[EventType "swiss"]
[EventRounds "9"]
[EventCountry "AUT"]
[SourceTitle "CBM 174 Extra"]
[Source "ChessBase"]
[SourceDate "2016.10.10"]
[SourceVersion "1"]
[SourceVersionDate "2016.10.10"]
[SourceQuality "1"]

1. d4 f5 2. e4 fxe4 3. Nc3 Nf6 4. Bg5 c6 5. Qd2 d5 6. f3 Bf5 7. 0-0-0 Nbd7 8. Nge2 exf3 9. gxf3 e6 10. Ng3 Bd6 11. Bf4 Qc7 12. Bxd6 Qxd6 13. Rg1 Kf7 14. h4 g6 15. Kb1 b5 16. Nce2 a5 17. Nf4 b4 18. Nd3 Bxd3 19. Bxd3 a4 20. h5 Rhg8 21. hxg6+ hxg6 22. Ne2 e5 23. Qh6 e4 24. fxe4 dxe4 25. Bc4+ Nd5 26. Nf4 Ke8 27. Rxg6 Rxg6 28. Nxg6 a3 29. Rf1 1-0

[Event "Feffernitz op 25th"]
[Site "Feffernitz"]
[Date "2016.08.25"]
[Round "6"]
[White "Perhinig, Robert"]
[Black "Kesik, Klaus Dieter"]
[Result "1/2-1/2"]
[WhiteElo "2256"]
[BlackElo "2220"]
[PlyCount "61"]
[EventDate "2016.08.21"]
[EventType "swiss"]
[EventRounds "9"]
[EventCountry "AUT"]
[SourceTitle "CBM 174 Extra"]
[Source "ChessBase"]
[SourceDate "2016.10.10"]
[SourceVersion "1"]
[SourceVersionDate "2016.10.10"]
[SourceQuality "1"]

1. d4 Nf6 2. c4 g6 3. Nc3 Bg7 4. e4 d6 5. f3 0-0 6. Be3 c5 7. dxc5 dxc5 8. Qxd8 Rxd8 9. Bxc5 Nc6 10. Nd5 Nd7 11. Bxe7 Nxe7 12. Nxe7+ Kf8 13. Nd5 Bxb2 14. Rb1 Bg7 15. Ne2 Nc5 16. Nec3 Be6 17. Be2 Rd7 18. 0-0 Rad8 19. Rfd1 a6 20. Rbc1 f5 21. Bd3 fxe4 22. Bxe4 Be5 23. g3 Kg7 24. Kg2 h5 25. Re1 b5 26. cxb5 axb5 27. Nxb5 Rxd5 28. Bxd5 Rxd5 29. Rcd1 Rxd1 30. Rxd1 Bxa2 31. Nd4 1/2-1/2